000 00222nam a22001097a 4500
041 _aeng
080 _a80
100 _aGrzeszczuk, S.
245 _aLiteratura Polska w Szkole Sredniej.
650 _aPolish
999 _c278058
_d278058
942 _cBK